00697nam a2200181 a 4500001001000000003000900010005001700019008004100036040002500077082001900102100002800121245016600149260004300315300002000358650004100378650005500419730004100474000016413DO-SdBNP20240412142622.0100305s1942 dr 000 0 spa d aDO-SdBNPbspacBNPHU a341.245bC352s1 aCastillo S. Benigno del10aSolidaridad continental americana (de Pearl harbor a la III Reunión de cancilleres de las republicas americanas en Río de Janeiro) /cBenigno del Castillo S. aCiudad Trujillo :bLa Nación,c1942. a95 p. ;c20 cm. 4aGuerra mundialzAméricay1939-1945 4aGuerra mundial zRepública Dominicanay1939-19450 aEl Nacional (República Dominicana)